00569 a2200157 450000100060000008200120000609000170001810000670003524501140010226000260021630000110024250000220025394200220027599900190029795200950031692225 aPR 2485 c44185d44184 aM. Rashid Liaqat; Dr. Ali Sarosh and Shuaib Salamat (Advisors) aConceptual Design of an Air Launched Rocket Ramjet Integrated Air to Ground Tacticle Weapon Systemh78 "A" EC aIslamabadbNUSTc2015 ax,56p. aBE Project Report aCAE NUSTkPR 2485 c327298d327298 001040708NFICaCAEbCAEd2017-04-03l0oPR 2485pCAEPR-2485r2017-04-05w2017-04-05yBK